[Event "FRA-chT2 South 0607"]
[Site "France"]
[Date "2007.02.11"]
[Round "7.5"]
[White "Oliveira, Sancho"]
[Black "Veidl, Pascal"]
[Result "1-0"]
[WhiteElo "2218"]
[BlackElo "2020"]
[PlyCount "25"]
[EventDate "2006.10.15"]
[EventType "team"]
[EventRounds "11"]
[EventCountry "FRA"]
[SourceTitle "EXT 2008"]
[Source "ChessBase"]
[SourceDate "2007.11.25"]
[SourceVersion "1"]
[SourceVersionDate "2007.11.25"]
[SourceQuality "1"]
[WhiteTeam "Nice"]
[BlackTeam "Grasse"]
[WhiteTeamCountry "FRA"]
[BlackTeamCountry "FRA"]

1. e4 c5 2. Nf3 d6 3. d4 cxd4 4. Nxd4 Nf6 5. Nc3 Nc6 6. Bg5 Qb6 7. Ndb5 a6 8. Bxf6 axb5 9. Nd5 Qd8 10. Bg5 g6 11. Be3 Qa5+ 12. b4 Nxb4 13. Bd2 1-0

[Event "FRA-chT2C 0506"]
[Site "France"]
[Date "2005.10.16"]
[Round "1.4"]
[White "Comte, Frederic"]
[Black "Veidl, Pascal"]
[Result "1/2-1/2"]
[WhiteElo "2205"]
[BlackElo "2039"]
[PlyCount "80"]
[EventDate "2005.10.27"]
[EventType "team"]
[EventRounds "11"]
[EventCountry "FRA"]
[SourceTitle "EXT 2006"]
[Source "ChessBase"]
[SourceDate "2005.11.24"]
[SourceVersion "1"]
[SourceVersionDate "2005.11.24"]
[SourceQuality "1"]

1. e4 c5 2. Nf3 d6 3. Bb5+ Nd7 4. 0-0 a6 5. Be2 Ngf6 6. Re1 Nxe4 7. c3 Nef6 8. d4 e6 9. dxc5 Nxc5 10. b4 Nce4 11. Bd3 d5 12. Qb3 Be7 13. Nbd2 Nxd2 14. Bxd2 0-0 15. a4 b6 16. Rad1 Bb7 17. Be3 Rc8 18. Bd4 Nd7 19. c4 Bf6 20. cxd5 Bxd5 21. Qb1 g6 22. Bxa6 Ra8 23. Bb5 Bxd4 24. Rxd4 Nf6 25. Qb2 Rc8 26. Ne5 Qc7 27. Rd2 Qc3 28. Nd7 Nxd7 29. Bxd7 Qxb2 30. Rxb2 Rc7 31. Bb5 Rfc8 32. h3 Kf8 33. Rd2 Rc1 34. Rxc1 Rxc1+ 35. Kh2 Rb1 36. Rd4 Ke7 37. Ba6 Kd6 38. Rh4 h5 39. Bd3 Rb2 40. Kg1 Ra2 1/2-1/2